Cơ sở sinh thái học

Đã lưu trong:
Bibliografiske detaljer
Format: Bog
Tags: Tilføj Tag
Ingen Tags, Vær først til at tagge denne postø!
Thư viện lưu trữ: Mạng thư viện Đại học Đà Nẵng
LEADER 00371nam a22001571a 4500
001 000035799
003 12091
005 20160318111220.0
008 160318s0 000
245 |a Cơ sở sinh thái học 
OWN |a LNN 
999 |a From the UDN01 
TYP |a Monograph 
980 |a Mạng thư viện Đại học Đà Nẵng